Elements of engineering electromagnetics (Record no. 12319)

000 -LEADER
fixed length control field 00453nam a2200169 4500
020 ## - INTERNATIONAL STANDARD BOOK NUMBER
International Standard Book Number 9788131703991
082 ## - DEWEY DECIMAL CLASSIFICATION NUMBER
Classification number 621.301 NAR
100 ## - MAIN ENTRY--PERSONAL NAME
Personal name Narayana Rao, Nannapaneni.
245 ## - TITLE STATEMENT
Title Elements of engineering electromagnetics
250 ## - EDITION STATEMENT
Edition statement 6th ed.
260 ## - PUBLICATION, DISTRIBUTION, ETC.
Place of publication, distribution, etc. New Delhi
Name of publisher, distributor, etc. Pearson Education
Date of publication, distribution, etc. 2006
300 ## - PHYSICAL DESCRIPTION
Extent xxiii, 831 p.
Other physical details ill. ;
490 ## - SERIES STATEMENT
Series statement Illinois ECE series
500 ## - GENERAL NOTE
General note Includes index.
650 ## - SUBJECT ADDED ENTRY--TOPICAL TERM
Topical term or geographic name entry element Electromagnetic theory.
942 ## - ADDED ENTRY ELEMENTS (KOHA)
Koha item type Book
Holdings
Withdrawn status Lost status Damaged status Not for loan Collection code Permanent Location Current Location Shelving location Date acquired Source of acquisition Cost, normal purchase price Total Checkouts Full call number Barcode Checked out Date last seen Date last checked out Price effective from Koha item type
          Central Library (CL) Central Library (CL) General Stacks 12/27/2013 Saeed Book Bank 1044.66 3 621.301 NAR SEECS012714 12/23/2019 11/23/2019 11/23/2019 12/25/2013 Book
© 2023 Central Library, National University of Sciences and Technology. All Rights Reserved.